000 01314nam a22003254a 4500
001 ebr10076711
003 CaPaEBR
006 m u
007 cr cn|||||||||
008 030507s2003 enk sb 001 0 eng
010 _z 2003106637
020 _z0761967362
040 _aCaPaEBR
_cCaPaEBR
035 _a(OCoLC)70773906
050 1 4 _aHD30.19
_b.S78 2003eb
245 0 0 _aStudying management critically
_h[electronic resource] /
_cedited by Mats Alvesson and Hugh Willmott.
260 _aLondon ;
_aThousand Oaks, Calif. :
_bSage Publications,
_cc2003.
300 _ax, 229 p.
500 _aIncludes some revised and updated articles from: Critical management studies published in 1992.
504 _aIncludes bibliographical references and indexes.
533 _aElectronic reproduction.
_bPalo Alto, Calif. :
_cebrary,
_d2013.
_nAvailable via World Wide Web.
_nAccess may be limited to ebrary affiliated libraries.
650 0 _aManagement.
650 0 _aCritical theory.
655 7 _aElectronic books.
_2local
700 1 _aAlvesson, Mats,
_d1956-
700 1 _aWillmott, Hugh.
710 2 _aebrary, Inc.
730 0 _aCritical management studies.
856 4 0 _uhttp://site.ebrary.com/lib/rucke/Doc?id=10076711
_zAn electronic book accessible through the World Wide Web; click to view
999 _c72947
_d72947